000 00565nam a2200181Ia 4500
003 OSt
005 20260331112536.0
008 211028s2011 xx 000 0 und d
040 _cAIMIT LIBRARY
041 _aeng
082 _a658.3 PINA
100 _aPinto, Allen Ben;Kairanna, Sneha S.
_g916002
_96730
245 _aAn exploratory study on employee engagement at St. Georges homeopathy, Padil, Mangalore /
260 _bKairanna, Sneha S
_c2011
600 _aHuman Resource Management
_96731
650 _aHuman Resource Management
_96732
942 _2ddc
_cPRO
999 _c218335
_d218335